Διοίκηση Logistics (Record no. 4623)
[ view plain ]
| 000 -LEADER | |
|---|---|
| fixed length control field | 01547cam a22001814a 4500 |
| 005 - ΗΜΕΡΟΜΗΝΙΑ ΚΑΙ ΩΡΑ ΤΕΛΕΥΤΑΙΑΣ ΕΝΗΜΕΡΩΣΗΣ | |
| Πεδίο ελέγχου | 20250605163437.0 |
| 008 - FIXED-LENGTH DATA ELEMENTS--GENERAL INFORMATION | |
| Πεδίο ελέγχου σταθερού μήκους | 250528s ||||||||||||||||||||||||d |
| 035 ## - SYSTEM CONTROL NUMBER | |
| System control number | 19367 |
| 020 ## - ISBN | |
| ISBN | 9607344588 |
| 040 ## - ΠΗΓΗ ΚΑΤΑΛΟΓΟΓΡΑΦΗΣΗΣ | |
| Φορέας πρωτότυπης καταλογογράφησης | MC Athens Campus Library |
| Γλώσσα καταλογογράφησης | Ελληνικά, Μοντέρνα (1453-) |
| Modifying agency | MC Athens Campus Library |
| Κανόνες περιγραφικής καταλογογράφησης | AACR2 |
| 245 1# - ΤΙΤΛΟΣ ΚΑΙ ΔΗΛΩΣΗ ΥΠΕΥΘΥΝΟΤΗΤΑΣ | |
| Τίτλος | Διοίκηση Logistics |
| 260 ## - PUBLICATION, DISTRIBUTION, ETC. | |
| Name of publisher, distributor, etc. | Σύγχρονη Εκδοτική, |
| Date of publication, distribution, etc. | 1996 |
| 300 ## - PHYSICAL DESCRIPTION | |
| Extent | 480 |
| 520 ## - SUMMARY, ETC. | |
| Summary, etc. | Ανάλογα με την ιδιότητα σας σαν επιχειρηματίες ή στελέχη επιχειρήσεων είναι σημαντικό να αντιληφθείτε την έννοια και χρησιμότητα των Logistics. Ο Ρόλος των Logistics στην Οικονομία και στην Επιχείρηση και η διοίκηση των Ολοκληρωμένων Logistics, Τα Κεφάλαια Διανομής, Εξυπηρέτηση Πελατών, Στρατηγικές Αποφάσεις για την Μεταφορά, Στρατηγικές Αποφάσεις για την Αποθήκευση, Πολιτική και Έλεγχος των Logistics, Τεχνικές και Μεθοδολογία των Logistics, Διοίκηση Αποθεμάτων και Χρηματοοικονομικές Επιπτώσεις Αυτών, Διοίκηση Ροής Υλικών, Αγορές, Επεξεργασία Παραγγελιών και Πληροφοριακά Συστήματα Υποστήριξης Αποφάσεων, Βιβλιογραφία. |
| 942 ## - ADDED ENTRY ELEMENTS (KOHA) | |
| Koha item type | Books |
| Τύπος τεκμηρίου | Βιβλιοθήκη | Τρέχουσα τοποθεσία | Barcode | Αριθμός εισαγωγής | Ημερομηνία απόκτησης | Ταξιθετικό σύμβολο | Αριθμός αντιτύπου | Κατάσταση απόσυρσης | Κατάσταση χαμένου | Κατάσταση κατεστραμμένου | Μη δανεισμός | Σύνολο δανεισμών | Ημερομηνία τελευταίας εμφάνισης | Η τιμή ισχύει από |
|---|---|---|---|---|---|---|---|---|---|---|---|---|---|---|
| Books | MC Athens Campus Library | MC Athens Campus Library | 9780000046222 | 5423 | 05/06/2025 | 658.5 KIR | 1 | 05/06/2025 | 05/06/2025 |